Una Nova vida a les velles ciutats = New life for old cities : Conference report : Barcelona, 2-8 October 1983 : 7th International Conference Conference report :
Publicado:
Barcelona :
Generalitat de Catalunya, Departament de Política Territorial i Obres Públiques, Direcció General d'Urbanisme, DL 1984
Descripción Física:
218 p. : il. ; 30 cm
Otros Autores:
Catalunya. Direcció General d'Urbanisme
Materias:
Rehabilitació urbana -- Congressos
MARC
| LEADER | 00000nam a2200000Ia 4500 | ||
|---|---|---|---|
| 001 | 1470 | ||
| 003 | BGR | ||
| 005 | 20260324175259.0 | ||
| 008 | 160829s9999 xx 000 0 cat d | ||
| 080 | |a B-1-344 | ||
| 111 | |a International New Towns Association. International Conference |9 71062 |c (Barcelona : |d 1983) | ||
| 245 | |a Una Nova vida a les velles ciutats = New life for old cities : |b Conference report : |b Barcelona, 2-8 October 1983 : |b 7th International Conference | ||
| 260 | |a Barcelona : |b Generalitat de Catalunya, Departament de Política Territorial i Obres Públiques, Direcció General d'Urbanisme, DL 1984 | ||
| 300 | |a 218 p. : |b il. ; |c 30 cm | ||
| 590 | |a Textos en anglès, francès, català i castellà | ||
| 650 | |a Rehabilitació urbana |x Congressos |9 24723 | ||
| 700 | |a Catalunya. Direcció General d'Urbanisme |9 19611 | ||
| 901 | |a Arxiu | ||
| 942 | |n 1 |2 udc |c MON | ||
| 952 | |0 0 |1 0 |4 0 |6 B1344 |7 1 |9 43287 |a Arxiu |b Arxiu |d 2016-12-01 |l 0 |o B-1-344 |p 1470 |r 2016-12-01 00:00:00 |w 2016-12-01 |y ARXIU | ||
| 999 | |c 45832 |d 45832 | ||